000 01231nam a22002537a 4500
001 57774
005 20260420133604.0
008 260311s2010 njua b 001 0 eng
020 _a9780138157630
_qpbk.
040 _aBD-DhIUB
_cBD-DhIUB
_dBD-DhIUB
082 0 0 _a658.3
_222
_bR631e
100 1 _aRobbins, Stephen P.,
_d1943-
245 1 0 _aEssentials of organizational behavior /
_cStephen P. Robbins andTimothy A. Judge
250 _a10th ed.
260 _aNew York :
_bPearson,
_c2010
300 _axxiii, 305 p. :
_bill. (some col.) ;
_c23 cm.
500 _a"Pearson"--Cover p. [1].
504 _aIncludes bibliographical references and glindex.
505 0 _aIntroduction to organizational behavior -- Personality and values -- Perception and individual decision making -- Job attitudes -- Motivation concepts -- Motivation : from concepts to applications -- Emotions and moods -- Foundations of group behavior -- Understanding work teams -- Communication -- Leadership -- Power and politics -- Conflict and negotiation -- Foundations of organization structure -- Organizational culture -- Organizational change.
526 _aLIB
_lGEN
650 0 _aOrganizational behavior.
700 1 _aJudge, Tim.
942 _2ddc
_cBK
999 _c57774
_d57948